Score 0/20 Timer 03:00
1 Play Today
Musical Missing Word % Correct
_____ PoppinsMary
98%
Sweeney _____Todd
97.2%
Mamma ____!Mia
96.6%
______ PanPeter
95.4%
The ______ Horror ShowRocky
92.9%
_______ and the Amazing Technicolor DreamcoatJoseph
88%
______ Get Your GunAnnie
85.6%
You're a Good Man, _______ BrownCharlie
85%
Kiss Me, _____Kate
79.4%
Hello, ______!Dolly
79.3%
Musical Missing Word % Correct
The Full ______Monty
78.7%
______ ElliotBilly
75.6%
Meet Me in St. _______Louis
75.6%
Thoroughly Modern _______Millie
70.8%
Smokey ____'s CafeJoe
58.1%
The Mystery of _______ DroodEdwin
36.1%
Sunday in the Park with _______George
34.2%
The Who's ______Tommy
27.3%
Five Guys Named ____Moe
21.4%
______ CollinsFloyd
4.3%

Today's Daily Dose

Remove Ads.
Support Sporcle.
Get the best of Sporcle when you Go Orange. This ad-free experience offers more features, more stats, and more fun while also helping to support Sporcle. Thank you for becoming a member.

You're not logged in!

Compare scores with friends on all Sporcle quizzes.
OR
Log In

Show Comments

Extras

Top Quizzes Today


Score Distribution

Your Account Isn't Verified!

In order to create a playlist on Sporcle, you need to verify the email address you used during registration. Go to your Sporcle Settings to finish the process.

Report this User

Report this user for behavior that violates our Community Guidelines.

Details: